=LDR 00000nam 2200000 4500 =001 INLIS000000000022961 =005 20130612121650 =008 ***********************************Ind** =035 ##$$0010-061300000022961 =041 ##$$a Ind =082 ##$$a 330.07 =090 ##$$a 330.07, Sis i =100 ##$$a Siswoyo, Bambang Banu =245 ##$$a IPS ekonomi, berdasarkan kurikulum pendidikan dasar 1994 untu SLTP jilid 3 untuk kelas III, Bambang Banu Siswoyo =260 ##$$a 1996 $b Malang =300 ##$$a vii, 128 hlm, 30 cm =650 ##$$a Ekonomi - Pendidikan =850 ##$$a NBPNMAT